000 00282nam a22001337a 4500
008 170809b xxu||||| |||| 00| 0 eng d
020 _a9780782140071
041 _aeng
080 _a004
100 _a35
101 _aSHK
245 _aFRONTPAGE 2002
_cKUNKEL,B
942 _2udc
_cBK
999 _c23011
_d23011